| 000 | 00770cam a2200253 a 4500 | ||
|---|---|---|---|
| 003 | MX-MxUPN | ||
| 005 | 20240523111746.0 | ||
| 008 | 190917s2011 ag a ar 000 0 spa d | ||
| 020 | _a9789507717185 | ||
| 035 | _aUPN01000232873 | ||
| 040 |
_aMX-MxUPN _bspa |
||
| 041 | 0 | _aspa | |
| 050 | 4 |
_aQA141.3 _bM67 2011 |
|
| 100 | 1 |
_aMoroni, Delfina _952030 |
|
| 245 | 1 | 0 |
_aMis juguetes preferidos : _blos números |
| 260 |
_aBuenos Aires : _bCultural Librera Americana, _c2011 |
||
| 300 |
_a10 páginas : _bilustraciones a color |
||
| 490 | 0 |
_aAprendo y juego ; _v2 |
|
| 650 | 4 |
_924354 _aNumeración _vLiteratura infantil |
|
| 700 | 1 |
_952031 _aCarzon, Walter, _d1965- _eilustración |
|
| 902 | _bVíctorGodínez/230524 | ||
| 942 |
_2lcc _cLIBRO |
||
| 999 |
_c204968 _d204968 |
||